|
|
|
|
| LEADER |
00000nam0a2200000 4500 |
| 001 |
340450 |
| 005 |
20231102005236.0 |
| 035 |
|
|
|a (RuTPU)RU\TPU\book\367324
|
| 035 |
|
|
|a RU\TPU\book\50690
|
| 090 |
|
|
|a 340450
|
| 100 |
|
|
|a 20180327d1977 m y0rusy50 ca
|
| 101 |
0 |
|
|a rus
|
| 102 |
|
|
|a RU
|
| 105 |
|
|
|a y j 000zy
|
| 200 |
1 |
|
|a Коррозия и основы гальваностегии
|e учебник
|f А. И. Малахов, К. М. Тютина
|
| 210 |
|
|
|a Москва
|c Химия
|d 1977
|
| 215 |
|
|
|a 216 с.
|
| 330 |
|
|
|a Книга состоит из двух частей. Первая часть посвящена собственно коррозии; в ней рассматриваются: коррозия важнейших металлов и сплавов, коррозия оборудования электрохимических цехов, способы защиты от коррозии и коррозионная стойкость материалов; описаны методы определения скорости коррозии и влияние на нее различных факторов. Вторая часть книги посвящена гальваностегии; в ней рассматриваются теоретические основы электроосаждения металлов и сплавов, описаны условия и закономерности нанесения покрытий из цветных металлов. В книге даны необходимые сведения о контроле качества покрытий, а также о технике безопасности. Книга предназначена в качестве учебника для учащихся химических техникумов. Она может быть использована преподавателями техникумов и учителями средних школ в качестве вспомогательного материала при подготовке к занятиям на тему "Коррозия и защита от нее".
|
| 606 |
1 |
|
|a Коррозия электрохимическая
|2 stltpush
|3 (RuTPU)RU\TPU\subj\15751
|9 41962
|
| 606 |
1 |
|
|a Гальваностегия
|2 stltpush
|3 (RuTPU)RU\TPU\subj\5532
|9 33585
|
| 610 |
1 |
|
|a металлы
|
| 610 |
1 |
|
|a сплавы
|
| 610 |
1 |
|
|a коррозионные процессы
|
| 610 |
1 |
|
|a химическая коррозия
|
| 610 |
1 |
|
|a пассивность
|
| 610 |
1 |
|
|a коррозионные испытания
|
| 610 |
1 |
|
|a электрохимические цеха
|
| 610 |
1 |
|
|a оборудование
|
| 610 |
1 |
|
|a защита от коррозии
|
| 610 |
1 |
|
|a гальванические покрытия
|
| 610 |
1 |
|
|a подготовка
|
| 610 |
1 |
|
|a нанесение
|
| 610 |
1 |
|
|a электрохимические покрытия
|
| 610 |
1 |
|
|a учебные пособия
|
| 610 |
1 |
|
|a библиотека А. Г. Стромберга
|
| 675 |
|
|
|a 620.193(075.32)
|v 4
|
| 675 |
|
|
|a 621.357.7(075.32)
|v 4
|
| 700 |
|
1 |
|a Малахов
|b А. И.
|g Афанасий Иванович
|
| 701 |
|
1 |
|a Тютина
|b К. М.
|g Калерия Максимовна
|
| 801 |
|
1 |
|a RU
|b 63413507
|c 20030317
|g PSBO
|
| 801 |
|
2 |
|a RU
|b 63413507
|c 20180424
|g PSBO
|
| 942 |
|
|
|c BK
|